000
00256nam a22001217a 4500
008
170323b xxu||||| |||| 00| 0 eng d
041
_a
alb
080
_a
616.9
100
_a
8
101
_a
SHM
245
_a
EPIDEMIOLOGJIA
_c
DEDUSHAJ, I.I
942
_2
udc
_c
BK
999
_c
8528
_d
8528